000 01871nam2a2200325 4500
001 rc\2861085
005 20260315050739.0
035 _a(NLR Aleph) 007015372
090 _a13578648
_c13578648
100 _a20110710d1928 u y0rusy50 ca
101 0 _arus
102 _aRU
105 _aae z |||||
200 1 _aСоциально-гигиенические условия и туберкулез в украинском селе
_fПод ред. проф. И.И. Файншмидта, д-ра Н.С. Морозовского и д-ра Л.Д. Ульянова
210 _d1928
215 _aX, 380 с., [19] вкл. л. с план. и ил.
_cрис., диагр., план., ил.
300 _aПредисловие: Д.И. Ефимов
300 _aВ конце книги рефераты всех статей на нем. яз.
320 _aБиблиогр. - к статьям
461 0 _1001rc\2861084
_12001#$aТуберкулез в городе и на селе$f1-й укр. гос. туб. ин-т Наркомздрава УССР. Отдел соц. патологии и профилактики$vВып. 2-й
_95856061
_cХарьков
_d1928
_f1-й укр. гос. туб. ин-т Наркомздрава УССР. Отдел соц. патологии и профилактики
_nНаучная мысль
_tТуберкулез в городе и на селе
_vВып. 2-й
702 1 _aФайншмидт
_bИ.И.
_4340
702 1 _aМорозовский
_bН.С.
_4340
702 1 _aУльянов
_bЛ.Д.
_4340
702 1 _4080
_7ca
_8rus
_aЕфимов
_bД. И.
_cгосслужащий, наркомздрав
_f1886-1938
_gДмитрий Иванович
_9257671
_3RU\NLR\AUTH\770257727
801 0 _aRU
_bNLR
_gpsbo
801 1 _aRU
_bELAR
_2rusmarc
852 _aNLR
_j42/490(2)
942 _cUNSPEC
980 _aNB